000 00585nam 22001933 4500
001 199067
090 _a199067
100 _a20251117d u||y0pory50 ba
200 _aO zoo humano
_fDesmond Morris
_gtradução de Hermano Neves
210 _a[Lisboa]
_cEuropa-América
_dimp. 1971
215 _a290, [6] p.
_cbrochado
_d19 cm
225 _aEstudos e documentos
_h56
606 _aBiologia. Ciências biológicas no geral
_994
675 _a572
_vPT
_zpor
700 _910273
_aMorris
_bDesmond
_f1928-
702 _914966
_aNeves
_bHermano
801 _aPT
_bBMMN
_gRPC
830 _cVanda
990 _cLIVROS